[Event "Südlohner SV 1 - Bielefelder SK 1"]
[Site "NRW-Klasse - Gruppe 2 2018/20"]
[Date "2019.01.13"]
[Round "5.3"]
[White "Simon, Hans Christian"]
[Black "Voelker, Christian"]
[Result "1-0"]
[WhiteElo "2140"]
[BlackElo "2065"]
[PlyCount "69"]
[EventDate "2019.??.??"]
[WhiteTeam "Bielefelder SK 1"]
[BlackTeam "Südlohner SV 1"]

1. Nf3 c5 2. c4 Nc6 3. Nc3 e5 4. e3 Nf6 5. a3 d5 6. cxd5 Nxd5 7. Qc2 Nxc3 8.
dxc3 Be6 9. e4 Be7 10. Bb5 f6 11. Nd2 Qd7 12. Bc4 Nd8 13. a4 O-O 14. Qb3 Kh8
15. O-O Rc8 16. Re1 Rc6 17. Nf1 f5 18. exf5 Rxf5 19. Ng3 Rf7 20. Rxe5 Rb6 21.
Bxe6 Nxe6 22. Qc2 Bd6 23. Re2 Bf4 24. Be3 Rd6 25. Rae1 g6 26. Ne4 Rd5 27. g3
Bxe3 28. Rxe3 c4 29. b3 Rh5 30. bxc4 Ng7 31. Rd1 Qc7 32. Nd6 Rd7 33. Red3 Re7
34. Qd2 Ne6 35. Rd5 1-0

[Event "Südlohner SV 1 - Bielefelder SK 1"]
[Site "NRW-Klasse - Gruppe 2 2018/20"]
[Date "2019.01.13"]
[Round "5.4"]
[White "Teloeken, Daniel"]
[Black "Goeßling, Guido"]
[Result "0-1"]
[WhiteElo "1905"]
[BlackElo "2135"]
[PlyCount "92"]
[EventDate "2019.??.??"]
[WhiteTeam "Südlohner SV 1"]
[BlackTeam "Bielefelder SK 1"]

1. c4 c6 2. g3 d5 3. Nf3 Nf6 4. Bg2 dxc4 5. O-O b5 6. a4 Bb7 7. b3 cxb3 8. Qxb3
a6 9. Ba3 e6 10. Bxf8 Kxf8 11. Nc3 Nbd7 12. d4 Qb6 13. Rfd1 Ke7 14. e4 Rhd8 15.
e5 Nd5 16. Nxd5+ cxd5 17. a5 Qa7 18. Qb4+ Ke8 19. Nd2 Rac8 20. f4 Rc7 21. Rac1
Rdc8 22. Rxc7 Rxc7 23. Nb3 Rc4 24. Qd2 Bc8 25. Bf1 Rc6 26. Bd3 h6 27. Kg2 Qc7
28. g4 Rc3 29. Nc5 Ra3 30. Rc1 Qxa5 31. Qxa5 Rxa5 32. Nb3 Ra2+ 33. Kf3 Kd8 34.
f5 Rxh2 35. Na5 Rh3+ 36. Ke2 Nb6 37. Nc6+ Ke8 38. Nb8 Rh4 39. Kf3 Rh3+ 40. Ke2
Nc4 41. Bb1 Rg3 42. fxe6 Bxe6 43. Nxa6 Rxg4 44. Nc7+ Kd7 45. Nxb5 Kc6 46. Nd6
Rxd4 0-1

[Event "Südlohner SV 1 - Bielefelder SK 1"]
[Site "NRW-Klasse - Gruppe 2 2018/20"]
[Date "2019.01.13"]
[Round "5.5"]
[White "Roemhild, Marcus"]
[Black "Darwisch, Khaled"]
[Result "0-1"]
[WhiteElo "2047"]
[BlackElo "2130"]
[PlyCount "74"]
[EventDate "2019.??.??"]
[WhiteTeam "Bielefelder SK 1"]
[BlackTeam "Südlohner SV 1"]

1. c4 d6 2. g3 g6 3. Bg2 Bg7 4. Nc3 e5 5. d3 Ne7 6. e3 O-O 7. Nge2 Nd7 8. O-O
c6 9. b4 f5 10. Rb1 g5 11. f4 Ng6 12. Qc2 gxf4 13. exf4 Nf6 14. Kh1 Be6 15. b5
Qd7 16. bxc6 bxc6 17. Qa4 Rac8 18. Be3 Rc7 19. Bg1 h5 20. h3 h4 21. Bh2 Nh5 22.
Qa5 hxg3 23. Bxg3 Nxg3+ 24. Nxg3 Nxf4 25. Rg1 Kf7 26. Nd5 cxd5 27. cxd5 Rh8 28.
dxe6+ Kxe6 29. Kh2 Rc2 30. Kh1 Nxh3 31. Bd5+ Kf6 32. Rgf1 Nf4+ 33. Kg1 Rh3 34.
Rxf4 Rxg3+ 35. Kf1 exf4 36. Rb7 Qe8 37. Rf7+ Kg6 0-1

[Event "Südlohner SV 1 - Bielefelder SK 1"]
[Site "NRW-Klasse - Gruppe 2 2018/20"]
[Date "2019.01.13"]
[Round "5.6"]
[White "Teloeken, Andreas"]
[Black "Danielmeier, Ralf"]
[Result "1/2-1/2"]
[WhiteElo "2013"]
[BlackElo "1992"]
[PlyCount "57"]
[EventDate "2019.??.??"]
[WhiteTeam "Südlohner SV 1"]
[BlackTeam "Bielefelder SK 1"]

1. Nf3 g6 2. c4 Bg7 3. g3 Nf6 4. Bg2 d5 5. O-O c6 6. Na3 O-O 7. d3 Na6 8. cxd5
Nxd5 9. Nc4 Nc5 10. d4 Ne4 11. Nfe5 Nd6 12. Nd2 Qb6 13. e3 Rd8 14. Qe2 Be6 15.
Nb3 Nb4 16. Nc5 Bd5 17. Bxd5 cxd5 18. Ned3 Rac8 19. b3 Nxd3 20. Nxd3 Qb5 21.
Ba3 e6 22. Bxd6 Rxd6 23. Qd2 Rdc6 24. Rac1 Rxc1 25. Rxc1 Rxc1+ 26. Nxc1 Bf8 27.
Qc2 Qd7 28. Nd3 Bd6 29. Kg2 1/2-1/2

[Event "Südlohner SV 1 - Bielefelder SK 1"]
[Site "NRW-Klasse - Gruppe 2 2018/20"]
[Date "2019.01.13"]
[Round "5.7"]
[White "Schnitker, Rainer"]
[Black "Hater, Wolfgang"]
[Result "1/2-1/2"]
[WhiteElo "2026"]
[BlackElo "2016"]
[PlyCount "41"]
[EventDate "2019.??.??"]
[WhiteTeam "Bielefelder SK 1"]
[BlackTeam "Südlohner SV 1"]

1. Nf3 d6 2. c4 e5 3. Nc3 Be7 4. g3 Nf6 5. Bg2 c6 6. O-O O-O 7. c5 Nbd7 8. cxd6
Bxd6 9. d4 exd4 10. Nxd4 Nc5 11. Nb3 Be6 12. Nxc5 Bxc5 13. Bg5 Be7 14. Qxd8
Raxd8 15. Rfd1 Rxd1+ 16. Rxd1 Rd8 17. Rxd8+ Bxd8 18. a3 h6 19. Be3 Bb6 20. Bxb6
axb6 21. Kf1 1/2-1/2

[Event "Südlohner SV 1 - Bielefelder SK 1"]
[Site "NRW-Klasse - Gruppe 2 2018/20"]
[Date "2019.01.13"]
[Round "5.8"]
[White "Funke, Reinhard"]
[Black "Gruettemeier, Uwe"]
[Result "1-0"]
[WhiteElo "2059"]
[BlackElo "2010"]
[PlyCount "77"]
[EventDate "2019.??.??"]
[WhiteTeam "Südlohner SV 1"]
[BlackTeam "Bielefelder SK 1"]

1. Nf3 d5 2. d4 Bf5 3. c4 e6 4. Nc3 c6 5. cxd5 exd5 6. Bg5 Be7 7. Bxe7 Qxe7 8.
e3 Nf6 9. Bd3 Bxd3 10. Qxd3 Nbd7 11. O-O O-O 12. Nd2 Rfe8 13. b4 Nb6 14. Rab1
Ne4 15. Ndxe4 dxe4 16. Qe2 Nd5 17. Nxd5 cxd5 18. Rfc1 Qd7 19. Rc2 Rac8 20. Rbc1
h6 21. h3 Rc6 22. Rxc6 bxc6 23. Rc5 Re6 24. a3 Rg6 25. Kf1 Qf5 26. Ra5 Qd7 27.
Qc2 Rf6 28. Qe2 Kh7 29. Qg4 Qc7 30. Kg1 g6 31. Qg3 Qd7 32. Qe5 Re6 33. Qb8 Re7
34. Ra6 Kg7 35. Qa8 Qf5 36. Rxa7 Re6 37. Qb8 Qh5 38. Ra8 Kf6 39. Qd8+ 1-0

[Event "SVG Plettenberg 1 - Godesberger SK 1"]
[Site "NRW-Klasse - Gruppe 2 2018/20"]
[Date "2019.02.17"]
[Round "6.1"]
[White "Seger, Ruediger"]
[Black "Haub, Thorsten Michael"]
[Result "1/2-1/2"]
[WhiteElo "2323"]
[BlackElo "2385"]
[PlyCount "73"]
[EventDate "2019.??.??"]
[WhiteTeam "Godesberger SK 1"]
[BlackTeam "SVG Plettenberg 1"]

1. e4 g6 2. d4 Bg7 3. Nf3 d6 4. c3 Nf6 5. Bd3 O-O 6. O-O Nc6 7. Re1 e5 8. h3 a6
9. Na3 Nh5 10. Nc2 h6 11. Bd2 Nf4 12. Bxf4 exf4 13. Qd2 g5 14. b4 Ne7 15. Nh2
c5 16. bxc5 dxc5 17. e5 Be6 18. dxc5 Nc6 19. Nf3 Qd5 20. Ncd4 Nxe5 21. Nxe5
Bxe5 22. Nxe6 Qxe6 23. Rab1 Rfd8 24. Qc2 Qd5 25. Be4 Qxc5 26. Bxb7 Ra7 27. Qf5
Bd4 28. Qxc5 Bxc5 29. Kf1 Rd7 30. Bf3 Rd2 31. Re2 Rad7 32. Ke1 R2d3 33. Rc2
Re7+ 34. Kf1 Red7 35. Ke1 Re7+ 36. Kf1 Red7 37. Ke1 1/2-1/2

[Event "SVG Plettenberg 1 - Godesberger SK 1"]
[Site "NRW-Klasse - Gruppe 2 2018/20"]
[Date "2019.02.17"]
[Round "6.2"]
[White "Bosch, Jeroen"]
[Black "Koehler, Christian Friedrich"]
[Result "1-0"]
[WhiteElo "2397"]
[BlackElo "2237"]
[PlyCount "89"]
[EventDate "2019.??.??"]
[WhiteTeam "SVG Plettenberg 1"]
[BlackTeam "Godesberger SK 1"]

1. c4 Nf6 2. Nc3 e5 3. Nf3 Nc6 4. a3 d5 5. cxd5 Nxd5 6. Qc2 Nxc3 7. bxc3 Bd6 8.
g3 Qe7 9. d3 O-O 10. Bg2 Bd7 11. O-O Rae8 12. Ng5 Nd8 13. Ne4 Bc6 14. f3 Qd7
15. Nxd6 cxd6 16. e4 d5 17. a4 f6 18. Be3 a6 19. d4 exd4 20. cxd4 Nf7 21. Rfe1
Rc8 22. Qb3 Rfe8 23. Red1 Rcd8 24. e5 fxe5 25. dxe5 Nxe5 26. Bb6 Rc8 27. Bd4
Nc4 28. Bf1 Qf7 29. f4 Nd6 30. Bh3 Rcd8 31. Bb6 Ra8 32. Bd4 Ne4 33. Qb2 Re7 34.
Bg2 Rae8 35. Be5 h6 36. a5 Kh8 37. Qd4 Kh7 38. Rab1 Qf5 39. Rbc1 Re6 40. Re1
R8e7 41. Rxe4 dxe4 42. Rxc6 Rxe5 43. fxe5 Qxe5 44. Qxe5 Rxe5 45. Rc4 1-0

[Event "SVG Plettenberg 1 - Godesberger SK 1"]
[Site "NRW-Klasse - Gruppe 2 2018/20"]
[Date "2019.02.17"]
[Round "6.3"]
[White "Grabowski, Pawel"]
[Black "Browning, Alex"]
[Result "0-1"]
[WhiteElo "2231"]
[BlackElo "2121"]
[PlyCount "74"]
[EventDate "2019.??.??"]
[WhiteTeam "Godesberger SK 1"]
[BlackTeam "SVG Plettenberg 1"]

1. d4 Nf6 2. Nf3 g6 3. g3 Bg7 4. Bg2 O-O 5. O-O d6 6. c4 Nc6 7. d5 Na5 8. Nbd2
c5 9. e4 a6 10. Qe2 b5 11. Rb1 Nxc4 12. Nxc4 bxc4 13. Qxc4 Nxe4 14. Re1 Nf6 15.
b4 e6 16. Ng5 exd5 17. Bxd5 Nxd5 18. Qxd5 Bf5 19. Rb3 h6 20. Nf3 Be6 21. Rxe6
fxe6 22. Qxe6+ Kh7 23. bxc5 dxc5 24. Bxh6 Qd1+ 25. Kg2 Rad8 26. Ng5+ Kxh6 27.
Nf7+ Kh7 28. Ng5+ Kh8 29. Qxg6 Rxf2+ 30. Kh3 Qf1+ 31. Kg4 Qd1+ 32. Kh3 Qd7+ 33.
g4 Be5 34. Qh6+ Kg8 35. Qg6+ Kf8 36. Rg3 Bxg3 37. hxg3 Qd5 0-1

[Event "SVG Plettenberg 1 - Godesberger SK 1"]
[Site "NRW-Klasse - Gruppe 2 2018/20"]
[Date "2019.02.17"]
[Round "6.4"]
[White "Litwak, Aleksej"]
[Black "Schulte-Geers, Niklas"]
[Result "1/2-1/2"]
[WhiteElo "2244"]
[BlackElo "2107"]
[PlyCount "64"]
[EventDate "2019.??.??"]
[WhiteTeam "SVG Plettenberg 1"]
[BlackTeam "Godesberger SK 1"]

1. e4 c6 2. d4 d5 3. Nc3 dxe4 4. Nxe4 Bf5 5. Ng3 Bg6 6. h4 h6 7. Nh3 Nf6 8. Nf4
Bh7 9. Bc4 Nbd7 10. O-O Nb6 11. Bb3 Nbd5 12. c4 Nxf4 13. Bxf4 e6 14. d5 exd5
15. cxd5 Nxd5 16. Re1+ Be7 17. Qg4 O-O 18. Bxh6 Bf6 19. Nh5 Bg6 20. Nxf6+ Qxf6
21. Bg5 Qxb2 22. h5 Bh7 23. Qd7 Rab8 24. Bxd5 cxd5 25. Qxd5 Rbe8 26. h6 Be4 27.
Qb3 Qe5 28. hxg7 Qxg7 29. Qg3 Re6 30. Rac1 Rfe8 31. f3 Bc6 32. Rxe6 Rxe6
1/2-1/2

[Event "SVG Plettenberg 1 - Godesberger SK 1"]
[Site "NRW-Klasse - Gruppe 2 2018/20"]
[Date "2019.02.17"]
[Round "6.5"]
[White "Stenzel, Thomas"]
[Black "Schulze, Marc"]
[Result "0-1"]
[WhiteElo "2116"]
[BlackElo "2212"]
[PlyCount "82"]
[EventDate "2019.??.??"]
[WhiteTeam "Godesberger SK 1"]
[BlackTeam "SVG Plettenberg 1"]

1. e4 c5 2. Nf3 g6 3. d4 cxd4 4. Qxd4 Nf6 5. e5 Nc6 6. Qa4 Nd5 7. Qb3 Nb6 8.
Bf4 Bg7 9. Nc3 O-O 10. O-O-O Qc7 11. Nb5 Qb8 12. Qe3 Nb4 13. Nc3 e6 14. Bg5
N4d5 15. Nxd5 Nxd5 16. Qe4 f6 17. Rxd5 exd5 18. Qxd5+ Kh8 19. exf6 Bxf6 20. Bh6
Bg7 21. Bd2 Rf5 22. Qe4 Qc7 23. Bd3 d5 24. Qh4 Rh5 25. Qb4 Bf5 26. Bxf5 Rxf5
27. Re1 Rc8 28. c3 a5 29. Qh4 Qc4 30. Qe7 d4 31. b3 Qg8 32. Qxb7 dxc3 33. Be3
a4 34. Bd4 Bxd4 35. Nxd4 Rf7 36. Qe4 axb3 37. axb3 Qg7 38. f4 Qf8 39. Qe5+ Kg8
40. Nb5 Rc5 41. Qe8 Rxb5 0-1

[Event "SVG Plettenberg 1 - Godesberger SK 1"]
[Site "NRW-Klasse - Gruppe 2 2018/20"]
[Date "2019.02.17"]
[Round "6.6"]
[White "Pieper, Dawid"]
[Black "Kutzner, Stephen"]
[Result "1-0"]
[WhiteElo "2152"]
[BlackElo "2183"]
[PlyCount "57"]
[EventDate "2019.??.??"]
[WhiteTeam "SVG Plettenberg 1"]
[BlackTeam "Godesberger SK 1"]

1. e4 c5 2. Nf3 Nc6 3. Bb5 e6 4. O-O Nge7 5. b3 a6 6. Bxc6 Nxc6 7. Bb2 Qc7 8.
d4 cxd4 9. Nxd4 Bc5 10. Nxc6 Qxc6 11. Qh5 Bf8 12. Nd2 Qxc2 13. Nc4 b5 14. Rac1
Qxe4 15. Ne5 g6 16. Qd1 d6 17. Ng4 Be7 18. Bxh8 Bb7 19. f3 Qf4 20. Qd4 Qf5 21.
Nf6+ Kf8 22. Nxh7+ Ke8 23. Nf6+ Kf8 24. Qh4 Bd8 25. Qh6+ Ke7 26. Ne4 Kd7 27.
Bd4 e5 28. Be3 d5 29. g4 1-0

[Event "SVG Plettenberg 1 - Godesberger SK 1"]
[Site "NRW-Klasse - Gruppe 2 2018/20"]
[Date "2019.02.17"]
[Round "6.7"]
[White "Wecker, Martin"]
[Black "Winterkamp, Sascha"]
[Result "1-0"]
[WhiteElo "2098"]
[BlackElo "1966"]
[PlyCount "109"]
[EventDate "2019.??.??"]
[WhiteTeam "Godesberger SK 1"]
[BlackTeam "SVG Plettenberg 1"]

1. Nf3 d6 2. d4 g6 3. g3 Nd7 4. Bg2 Bg7 5. O-O h6 6. c4 e6 7. Nc3 Ne7 8. e4 a6
9. Be3 Rb8 10. Qc2 g5 11. Rad1 Ng6 12. h3 Qe7 13. Rfe1 Bf6 14. e5 dxe5 15. d5
Rg8 16. Ne4 b6 17. d6 cxd6 18. Nxd6+ Kf8 19. b4 Kg7 20. c5 bxc5 21. bxc5 e4 22.
Qxe4 Bc3 23. Bd4+ Bxd4 24. Qxd4+ Qf6 25. Nxc8 Rbxc8 26. Qxd7 Rxc5 27. Qd4 Rc2
28. Qxf6+ Kxf6 29. Rd2 Rgc8 30. Ree2 Rc1+ 31. Kh2 R8c5 32. Nd4 R1c3 33. Rc2 e5
34. Rxc3 Rxc3 35. Nb3 h5 36. Bb7 h4 37. Bxa6 g4 38. hxg4 hxg3+ 39. fxg3 Kg5 40.
Rf2 Kxg4 41. Be2+ Kg5 42. Rxf7 Rc2 43. Rf2 Rxa2 44. Nc5 Ne7 45. Ne4+ Kh6 46.
Bc4 Rxf2+ 47. Nxf2 Kg5 48. Ne4+ Kg4 49. Be2+ Kf5 50. Bf3 Ng8 51. Kh3 Nh6 52.
Nd2 Nf7 53. Bg4+ Kg6 54. Ne4 Nh6 55. Be6 1-0

[Event "SVG Plettenberg 1 - Godesberger SK 1"]
[Site "NRW-Klasse - Gruppe 2 2018/20"]
[Date "2019.02.17"]
[Round "6.8"]
[White "Kuhnen, Thomas"]
[Black "Luebsen, Keno"]
[Result "0-1"]
[WhiteElo "2009"]
[BlackElo "2092"]
[PlyCount "54"]
[EventDate "2019.??.??"]
[WhiteTeam "SVG Plettenberg 1"]
[BlackTeam "Godesberger SK 1"]

1. d4 d5 2. Nf3 Nf6 3. g3 c5 4. dxc5 e6 5. Bg2 Bxc5 6. O-O O-O 7. Nbd2 Nc6 8.
Nb3 Bb6 9. Bg5 h6 10. Bxf6 Qxf6 11. c3 Rd8 12. a4 a6 13. a5 Ba7 14. Nbd2 e5 15.
e4 Be6 16. exd5 Bxd5 17. Qe2 e4 18. Ne1 Qe7 19. Nc2 f5 20. Ne3 Be6 21. Ndc4 Rd3
22. Rfd1 Rad8 23. Rxd3 exd3 24. Qf3 Bxc4 25. Nxc4 d2 26. Ne3 Ne5 27. Qe2 Ng4
0-1

[Event "Bielefelder SK 1 - SF Essen-Katernberg "]
[Site "NRW-Klasse - Gruppe 2 2018/20"]
[Date "2019.02.17"]
[Round "6.1"]
[White "Siebrecht, Sebastian"]
[Black "Forchert, Martin"]
[Result "1/2-1/2"]
[WhiteElo "2411"]
[BlackElo "2270"]
[PlyCount "127"]
[EventDate "2019.??.??"]
[WhiteTeam "SF Essen-Katernberg  1"]
[BlackTeam "Bielefelder SK 1"]

1. c4 c6 2. d4 d5 3. Nf3 Nf6 4. Qb3 dxc4 5. Qxc4 Bf5 6. Bg5 e6 7. Nbd2 Be7 8.
g3 Nbd7 9. Bg2 h6 10. Bxf6 Nxf6 11. O-O O-O 12. Rfe1 Ne4 13. Rad1 Qb6 14. Nxe4
Bxe4 15. Ne5 Bxg2 16. Kxg2 Rfd8 17. e3 c5 18. dxc5 Qxc5 19. Rxd8+ Rxd8 20. Qxc5
Bxc5 21. Rc1 Rd5 22. Nf3 f5 23. Kf1 Kf8 24. Ke2 Ke7 25. Nd2 Bb4 26. Nb3 Kd7 27.
f3 Bd6 28. Rc4 Rb5 29. Rc2 g5 30. f4 gxf4 31. gxf4 e5 32. fxe5 Bxe5 33. Kf3 Bf6
34. Nc5+ Kd6 35. Nd3 Rd5 36. Ke2 Kd7 37. Nc5+ Ke7 38. Nxb7 Be5 39. b3 Bxh2 40.
Rc6 Re5 41. Rxh6 Bg1 42. Nd6 Bxe3 43. Nxf5+ Rxf5 44. Kxe3 Ra5 45. Rh2 Kd6 46.
Rc2 Rh5 47. Kd2 Rh1 48. Kd3 Rh3+ 49. Ke4 Rh4+ 50. Kf3 Rh1 51. Ke3 Rh3+ 52. Kd2
Rh1 53. a4 Rh2+ 54. Kc3 Rxc2+ 55. Kxc2 a5 56. Kd2 Kc5 57. Kc3 Kd5 58. b4 axb4+
59. Kxb4 Kc6 60. a5 Kb7 61. Kb5 Ka7 62. a6 Kb8 63. Kb6 Ka8 64. a7 1/2-1/2

[Event "Bielefelder SK 1 - SF Essen-Katernberg "]
[Site "NRW-Klasse - Gruppe 2 2018/20"]
[Date "2019.02.17"]
[Round "6.2"]
[White "Gruen, Gerd-Peter"]
[Black "Tomic, Bosko"]
[Result "0-1"]
[WhiteElo "2227"]
[BlackElo "2355"]
[PlyCount "82"]
[EventDate "2019.??.??"]
[WhiteTeam "Bielefelder SK 1"]
[BlackTeam "SF Essen-Katernberg  1"]

1. d4 Nf6 2. Nf3 g6 3. g3 Bg7 4. Bg2 O-O 5. O-O d6 6. c4 Nc6 7. Nc3 Bg4 8. Qd3
Nd7 9. e3 e5 10. d5 Nc5 11. Qd2 Nb4 12. Ne1 a5 13. Rb1 e4 14. h3 Bd7 15. a3
Bxc3 16. Qxc3 Na2 17. Qc2 Nxc1 18. Qxc1 a4 19. Nc2 Qg5 20. Nd4 Qh6 21. h4 Qh5
22. Qd2 Rae8 23. b4 axb3 24. Nxb3 Na4 25. Qc2 Qe5 26. c5 Bb5 27. Rfd1 Bd3 28.
Rxd3 exd3 29. Qxd3 dxc5 30. Qc4 b5 31. Qc2 Qc3 32. Qxc3 Nxc3 33. Rb2 Ra8 34.
Rc2 c4 35. Nd4 Rxa3 36. Rb2 Ra1+ 37. Kh2 Ra2 38. Rxa2 Nxa2 39. Nxb5 c3 40. Be4
Rb8 41. Nxc7 Nb4 0-1

[Event "Bielefelder SK 1 - SF Essen-Katernberg "]
[Site "NRW-Klasse - Gruppe 2 2018/20"]
[Date "2019.02.17"]
[Round "6.3"]
[White "Rosen, Bernd"]
[Black "Simon, Hans Christian"]
[Result "1-0"]
[WhiteElo "2293"]
[BlackElo "2140"]
[PlyCount "135"]
[EventDate "2019.??.??"]
[WhiteTeam "SF Essen-Katernberg  1"]
[BlackTeam "Bielefelder SK 1"]

1. Nf3 d5 2. c4 c6 3. Qa4 Nd7 4. cxd5 cxd5 5. Nc3 e6 6. d4 Ngf6 7. Bf4 Nh5 8.
Bg5 Be7 9. Bxe7 Qxe7 10. e3 O-O 11. Bd3 Nhf6 12. O-O e5 13. Be2 Rd8 14. Rac1
exd4 15. Qxd4 Nb8 16. Ne5 Nc6 17. Nxc6 bxc6 18. Na4 Bd7 19. Rfd1 Be8 20. Bf3
Rdb8 21. Nc5 Rb6 22. b3 h6 23. Rd2 Rab8 24. Rdc2 Rb4 25. Qd2 R4b6 26. Qd3 Nd7
27. Nxd7 Bxd7 28. Qd4 Be8 29. Rc5 Rb4 30. Qc3 R4b6 31. Ra5 R8b7 32. e4 dxe4 33.
Bxe4 Qxe4 34. Re5 Qg6 35. Rxe8+ Kh7 36. Qc5 Rd7 37. h4 Rd5 38. Qf8 Qf6 39. Rc4
Rbb5 40. Rg4 Rd1+ 41. Kh2 Qd6+ 42. Qxd6 Rxd6 43. Rf4 Rd7 44. Kg3 Ra5 45. Re2
Rc5 46. Rfe4 Kg6 47. Re5 Rcd5 48. Rxd5 Rxd5 49. Rc2 c5 50. Rc4 Kf5 51. Kf3 Ke6
52. Re4+ Re5 53. Ra4 Kd5 54. Rxa7 Rf5+ 55. Ke3 g5 56. hxg5 hxg5 57. Rd7+ Kc6
58. Rd2 Kb5 59. Rc2 Re5+ 60. Kd3 f5 61. Rc4 Rd5+ 62. Ke3 Re5+ 63. Kf3 Rd5 64.
g4 fxg4+ 65. Kxg4 Rd4+ 66. Rxd4 cxd4 67. Kf3 Kb4 68. Ke2 1-0

[Event "Bielefelder SK 1 - SF Essen-Katernberg "]
[Site "NRW-Klasse - Gruppe 2 2018/20"]
[Date "2019.02.17"]
[Round "6.4"]
[White "Goeßling, Guido"]
[Black "Wessendorf, Thomas"]
[Result "0-1"]
[WhiteElo "2135"]
[BlackElo "2182"]
[Annotator "Daniel"]
[PlyCount "66"]
[EventDate "2019.??.??"]
[WhiteTeam "Bielefelder SK 1"]
[BlackTeam "SF Essen-Katernberg  1"]

1. e4 c5 2. Nf3 d6 3. d4 cxd4 4. Nxd4 Nf6 5. Nc3 g6 6. Be3 Bg7 7. f3 O-O 8. Qd2
Nc6 9. O-O-O d5 10. exd5 Nxd5 11. Nxc6 bxc6 12. Bd4 e5 13. Bc5 Be6 14. Ne4 Re8
15. h4 a5 16. Bc4 Nf4 17. Bxe6 Nxe6 18. Qc3 Qb8 19. h5 Qb5 20. hxg6 hxg6 21.
Ba3 Nd4 22. Kb1 Re6 23. Qe1 Qa4 $11 24. Qh4 Qxc2+ 25. Ka1 f6 26. Rd2 Qc4 27.
Nd6 Rxd6 28. Bxd6 Qd5 29. Ba3 Rd8 30. Kb1 Kf7 31. Qe4 Qb5 32. g4 Rh8 33. Rxh8
Qf1+ 0-1

[Event "Bielefelder SK 1 - SF Essen-Katernberg "]
[Site "NRW-Klasse - Gruppe 2 2018/20"]
[Date "2019.02.17"]
[Round "6.5"]
[White "Kueppers, Timo"]
[Black "Römhild, Marcus"]
[Result "1-0"]
[WhiteElo "2236"]
[BlackElo "2047"]
[PlyCount "79"]
[EventDate "2019.??.??"]
[WhiteTeam "SF Essen-Katernberg  1"]
[BlackTeam "Bielefelder SK 1"]

1. e4 g6 2. d4 Bg7 3. Nf3 d6 4. Bc4 Nf6 5. Qe2 c6 6. Bb3 O-O 7. O-O a5 8. a4
Na6 9. Rd1 Qc7 10. Nbd2 Bd7 11. c3 e5 12. dxe5 dxe5 13. Nc4 Nc5 14. Bc2 Bg4 15.
Be3 Ncd7 16. h3 Bxf3 17. Qxf3 Rfb8 18. Bb3 Bf8 19. Nb6 Nxb6 20. Qxf6 Ra6 21.
Rd2 c5 22. Qf3 c4 23. Bc2 Bc5 24. Rad1 Bxe3 25. Qxe3 Kg7 26. h4 h5 27. Qg5 Re8
28. Rd6 Qe7 29. Qe3 Qc7 30. R1d2 Nc8 31. Rd7 Qb6 32. Qf3 Ne7 33. Qg3 f6 34. Bd1
Kf7 35. Kh1 Qc6 36. Qe3 Rh8 37. Be2 Qxa4 38. Qc5 Re8 39. Bxc4+ Kf8 40. Rxe7 1-0

[Event "Bielefelder SK 1 - SF Essen-Katernberg "]
[Site "NRW-Klasse - Gruppe 2 2018/20"]
[Date "2019.02.17"]
[Round "6.6"]
[White "Schnitker, Rainer"]
[Black "Gassmann, Volker"]
[Result "0-1"]
[WhiteElo "2026"]
[BlackElo "2171"]
[PlyCount "110"]
[EventDate "2019.??.??"]
[WhiteTeam "Bielefelder SK 1"]
[BlackTeam "SF Essen-Katernberg  1"]

1. Nf3 d5 2. g3 Nf6 3. Bg2 c6 4. b3 Bg4 5. Bb2 Nbd7 6. d3 Qc7 7. O-O Rd8 8. c4
Bxf3 9. Bxf3 Ne5 10. Bxe5 Qxe5 11. d4 Qb8 12. cxd5 cxd5 13. Qd3 e6 14. Rc1 Be7
15. a4 O-O 16. Ra2 Rc8 17. Rac2 h6 18. e3 Rfd8 19. Kg2 Ne8 20. h4 Bb4 21. Nc3
Ba3 22. Ra1 Bd6 23. Rac1 a6 24. Ne2 Ba3 25. Rxc8 Rxc8 26. Rc2 Rc7 27. e4 dxe4
28. Bxe4 Nf6 29. Bf3 Qc8 30. Rxc7 Qxc7 31. Qc4 Qxc4 32. bxc4 b6 33. Bb7 a5 34.
f3 Kf8 35. Kf2 Ke7 36. Nc3 Bb4 37. Ne4 Nd7 38. Ke2 e5 39. dxe5 Nxe5 40. Bd5 f5
41. Nf2 Kd6 42. g4 Ng6 43. gxf5 Nf4+ 44. Kd1 Nxd5 45. Ne4+ Ke5 46. cxd5 Kxf5
47. d6 Ke6 48. Ke2 Bxd6 49. Kd3 Kd5 50. Nc3+ Ke5 51. Ne2 g6 52. Kc4 h5 53. Kb5
Bc5 54. Nc3 Bf2 55. f4+ Ke6 0-1

[Event "Bielefelder SK 1 - SF Essen-Katernberg "]
[Site "NRW-Klasse - Gruppe 2 2018/20"]
[Date "2019.02.17"]
[Round "6.7"]
[White "Neuer, Thomas"]
[Black "Gruettemeier, Uwe"]
[Result "1/2-1/2"]
[WhiteElo "2132"]
[BlackElo "2010"]
[PlyCount "121"]
[EventDate "2019.??.??"]
[WhiteTeam "SF Essen-Katernberg  1"]
[BlackTeam "Bielefelder SK 1"]

1. Nf3 d5 2. g3 g6 3. c4 c6 4. cxd5 cxd5 5. d4 Bg7 6. Nc3 Nc6 7. Bg2 Nf6 8. Ne5
O-O 9. Nxc6 bxc6 10. O-O Bf5 11. Bf4 Nd7 12. Rc1 e5 13. dxe5 Nxe5 14. b3 Rc8
15. Na4 Qe7 16. Qd2 Rfe8 17. Rfe1 Nd7 18. Be3 Nf6 19. Bd4 Ne4 20. Qb2 Bxd4 21.
Qxd4 Qb7 22. Nc5 Nxc5 23. Rxc5 Qa6 24. Qd2 Rcd8 25. e3 Qb6 26. Rec1 Bd7 27. h4
Qb8 28. Qd4 Qe5 29. Qxe5 Rxe5 30. Ra5 Ra8 31. e4 Rae8 32. Rxa7 Bc8 33. Rxc6
dxe4 34. Ra8 Bf5 35. Rxe8+ Rxe8 36. Ra6 Rd8 37. g4 Rd1+ 38. Kh2 Bxg4 39. Bxe4
Be6 40. Kg2 Rd4 41. Ra4 Rd2 42. Kf3 Kg7 43. Ke3 Rb2 44. Ra5 Kh6 45. Bf3 f5 46.
Ra6 Bg8 47. h5 Kg5 48. hxg6 hxg6 49. Bc6 Be6 50. f4+ Kh4 51. Be8 Bxb3 52. axb3
Rxb3+ 53. Ke2 g5 54. fxg5 Kxg5 55. Ra2 Kf4 56. Bd7 Re3+ 57. Kf2 Re5 58. Ra4+
Re4 59. Ra3 Re5 60. Rf3+ Kg4 61. Rxf5 1/2-1/2

[Event "Bielefelder SK 1 - SF Essen-Katernberg "]
[Site "NRW-Klasse - Gruppe 2 2018/20"]
[Date "2019.02.17"]
[Round "6.8"]
[White "Bodenstein, Britta"]
[Black "Villwock, Martin"]
[Result "0-1"]
[WhiteElo "1250"]
[BlackElo "2166"]
[PlyCount "80"]
[EventDate "2019.??.??"]
[WhiteTeam "Bielefelder SK 1"]
[BlackTeam "SF Essen-Katernberg  1"]

1. d4 Nf6 2. Nc3 d5 3. Bg5 Nbd7 4. Nf3 c5 5. e3 Qb6 6. Rb1 e6 7. Be2 cxd4 8.
exd4 Bb4 9. O-O O-O 10. Ne5 Bxc3 11. bxc3 Qc7 12. Bxf6 Nxf6 13. Qd3 b6 14. c4
Ba6 15. Qb3 Rac8 16. Qa4 Bxc4 17. Nxc4 dxc4 18. Rb4 Qf4 19. Rxc4 Rxc4 20. Qxc4
Rd8 21. c3 Ne4 22. Qd3 Nf6 23. Qb5 Qd2 24. Qc4 Nd5 25. Bf3 Nxc3 26. Qc7 Qxd4
27. Qxa7 e5 28. g3 e4 29. Bg2 f5 30. Bh3 Qc5 31. Qa6 h5 32. Kh1 Rd3 33. Qa8+
Kf7 34. Qb7+ Kf6 35. f3 e3 36. g4 hxg4 37. fxg4 Qd5+ 38. Qxd5 Rxd5 39. Kg2 e2
40. Rxf5+ Rxf5 0-1

[Event "SK Königsspringer Iserlohn 1 - Südloh"]
[Site "NRW-Klasse - Gruppe 2 2018/20"]
[Date "2019.02.17"]
[Round "6.1"]
[White "van Lith, Arjan"]
[Black "Scheider, Julian"]
[Result "1-0"]
[WhiteElo "2157"]
[BlackElo "2320"]
[PlyCount "81"]
[EventDate "2019.??.??"]
[WhiteTeam "Südlohner SV 1"]
[BlackTeam "SK Königsspringer Iserlohn 1"]

1. e4 c5 2. Nf3 d6 3. Bb5+ Nd7 4. O-O a6 5. Bd3 Ngf6 6. a4 e6 7. Re1 Be7 8. c3
b6 9. Bc2 Bb7 10. d4 Rc8 11. Nbd2 Qc7 12. Bd3 O-O 13. Qe2 Nb8 14. e5 Nfd7 15.
Nc4 Bxf3 16. Qxf3 cxd4 17. cxd4 dxe5 18. dxe5 Nc6 19. Bf4 Nb4 20. Nd6 Bxd6 21.
exd6 Qc5 22. Rec1 Qd4 23. Rxc8 Rxc8 24. Qb7 Rf8 25. Qxd7 Nxd3 26. Be3 Qxb2 27.
Rf1 b5 28. Qe7 Qb4 29. Rd1 Qxa4 30. Rf1 Qb4 31. Rd1 Qb3 32. Ra1 Qc3 33. Rd1 Qb3
34. Ra1 b4 35. h3 Qd5 36. Rxa6 b3 37. Rb6 Ra8 38. d7 h6 39. Ra6 Rf8 40. Rd6 b2
41. Qxf8+ 1-0

[Event "SK Königsspringer Iserlohn 1 - Südloh"]
[Site "NRW-Klasse - Gruppe 2 2018/20"]
[Date "2019.02.17"]
[Round "6.2"]
[White "Eckardt, Joshua"]
[Black "Voelker, Christian"]
[Result "1/2-1/2"]
[WhiteElo "2237"]
[BlackElo "2065"]
[PlyCount "36"]
[EventDate "2019.??.??"]
[WhiteTeam "SK Königsspringer Iserlohn 1"]
[BlackTeam "Südlohner SV 1"]

1. d4 g6 2. c4 Bg7 3. Nf3 d6 4. g3 Nd7 5. Bg2 e5 6. Nc3 Ne7 7. O-O O-O 8. e4
exd4 9. Nxd4 Nc6 10. Nde2 Nc5 11. Be3 Be6 12. b3 a5 13. Rb1 Qc8 14. Nd5 Re8 15.
Nef4 Bd7 16. f3 f5 17. Nd3 Nd4 18. Nf2 Nce6 1/2-1/2